000 00610cam a22002053a 4500
001 38700
003 PGUSA
005 20140828083843.0
008 120128s2012||||xxu|||||s|||||000 | eng d
040 _aPGUSA
_beng
042 _adc
245 1 0 _aChambers's Twentieth Century Dictionary (part 4 of 4 :
_bS-Z and supplements)
_h[electronic resource] /
_cVarious
260 _bProject Gutenberg,
_c2012
506 _aPublic domain in the USA.
516 _aElectronic text
700 1 _aDavidson, Thomas
830 0 _aProject Gutenberg
_v38700
856 4 0 _uhttp://www.gutenberg.org/ebooks/38700
942 _cEB
999 _c267954
_d267954